Cyclisme : Top 20 du Tour des Flandres 2025 - Statistiques

Statistiques générales
  • Ce quiz a été pris 196 fois
  • Le résultat moyen est 11 sur 20
Statistiques - réponses
Position Equipe Coureur % Correct
1er UAE Team Emirates Tadej Pogacar
100%
4eme Visma Lease a Bike Wout Van Aert
100%
2eme Lidl - Trek Mads Pedersen
99%
3eme Alpecin Deceuninck Mathieu Van Der Poel
99%
7eme Groupama-FDJ Stefan Kung
87%
5eme Lidl - Trek Jasper Stuyven
82%
8eme Ineos Grenadiers Filippo Ganna
72%
6eme Visma Lease a Bike Tiesj Benoot
70%
17eme Groupama-FDJ Valentin Madouas
63%
15eme Alpecin-Deceuninck Gianni Vermeersch
41%
9eme Movistar Ivan Garcia Cortina
41%
13eme Jayco AlUla Michael Matthews
38%
11eme RedBull - Bora-Hansgrohe Laurence Pithie
30%
10eme XDS Astana Davide Ballerini
28%
12eme XDS Astana Mike Teunissen
28%
20eme Ineos Grenadiers Magnus Sheffield
25%
19eme Decathlon AG2R La Mondiale Stefan Bissegger
21%
16eme Decathlon AG2R La Mondiale Aurélien Paret-Peintre
18%
14eme Uno-X Mobility Markus Hoelgaard
10%
18eme Alpecin-Deceuninck Timo Kielich
7%
Aucun quiz correspondant
Distribution des résultats
% des personnes avec chaque résultat
Percentile par nombre de réponses
Votre historique - résultats
Vous n’avez pas pris ce quiz